Nordische Mythologie - Statistiken

Allgemein
  • Dieses Quiz wurde 591 mal gespielt
  • Das Durchschnittsergebnis liegt bei 11 aus 16
Antwortstatistiken
Hinweis Antwort % Korrekt
Gott der Blitze Thor
98%
Gestaltwandler, der manchmal als Trickster-Gott beschrieben wird Loki
83%
Göttin, nach der der Freitag benannt ist Frigg
80%
Der einäugige Gott, nach dem der Mittwoch benannt ist Odin
79%
Riesige Götterhalle, in die die Hälfte jener, die im Kampf gefallen sind, gebracht werden Walhall
78%
Yggdrasil ist ein riesiger ____, der die Neun Welten miteinander verbindet. Baum
72%
Waffe die der obere Gott trägt Hammer
72%
"R"-Wort, das sich auf Buchstaben des germanischen Alphabets bezieht, von denen einigeauf Steinen eingraviert sind Runen
72%
Bifröst ist eine ______ farbige Brücke, die die Erde mit dem Reich der Götter verbindet Regenbogen
69%
Tierarten, die die obengenannten begleiten (nennen Sie eines davon) Wölfe und Raben
68%
Prophezeites Ereignis, genannt "Götterdämmerung", das die Welt überschwemmen wirdund alle Menschen bis auf zwei töten wird. Ragnarök
66%
Jörmungandr ist eine ____, die so groß ist, dass sie die ganze Welt umhüllt. Schlange
65%
Weibliche Figuren, die erschlagene Krieger zu ihrem Platz im Jenseits bringen Walküren
54%
Bereich, in dem sich das oben genannte befindet Asgard
50%
"S"-Wort, das sich auf Wikingergeschichten bezieht, insbesondere über Island Saga
33%
Winterfest zur Sonnenwende Yule
13%
Keine übereinstimmenden Quizze gefunden
Verteilung der Resultate
Anzahl Personen mit jedem Resultat
Perzentil nach korrekt beantworteten Fragen
Ihre Resultats-Entwicklung
Sie haben dieses Quiz noch nicht gespielt